000 00515nam a2200229Ia 4500
005 20250425162741.0
008 250425s9999 xx 000 0 und d
020 _a0394726251
041 _aeng
082 _a909
100 _aBOORSTIN, DANIEL J.
245 0 _aTHE DISCOVERERS
250 _aS.E.
260 _aEstados Unidos
_bVINTAGE
_c1985
260 _aNEW YORK
300 _a745
650 _aCIENCIAS
650 _aCIVILIZACION-HISTORIA
710 _aVINTAGE
942 _c01
010 _a104743
999 _c235685
_d235685